| 000 | 00566nam a2200169 i 4500 | ||
|---|---|---|---|
| 001 | 72526 | ||
| 003 | ES-MaACL | ||
| 005 | 20230906171448.0 | ||
| 007 | t| | ||
| 008 | 040901s1942 sp ||||1| spa d | ||
| 100 | 1 |
_aGlanzmann, Eduard. _957390 |
|
| 245 | 1 | 0 |
_aLecciones de Pediatría / _cpor Eduard Glanzmann ; traducción del alemán por José Domenech Alsina. |
| 260 |
_aBarcelona : _bLabor, _c1942 ( _fTalls. Gráf. Ibero-Americanos) |
||
| 300 |
_aXI, 563 p. : _bil. ; _c25 cm. |
||
| 700 | 1 |
_aDomenech Alsina, José. _945089 |
|
| 852 |
_aES-MaACL _jC-4034 _bR.23746 |
||
| 999 |
_c72526 _d72526 |
||